<?xml version="1.0" encoding="UTF-8"?>
<record
    xmlns:xsi="http://www.w3.org/2001/XMLSchema-instance"
    xsi:schemaLocation="http://www.loc.gov/MARC21/slim http://www.loc.gov/standards/marcxml/schema/MARC21slim.xsd"
    xmlns="http://www.loc.gov/MARC21/slim">

  <leader>01635nam0a22003131  4500</leader>
  <controlfield tag="001">v19\rc\1758966</controlfield>
  <controlfield tag="005">20260406163243.0</controlfield>
  <datafield tag="035" ind1=" " ind2=" ">
    <subfield code="a">(NLR Aleph) 005231776</subfield>
  </datafield>
  <datafield tag="090" ind1=" " ind2=" ">
    <subfield code="a">5613084</subfield>
    <subfield code="c">5613084</subfield>
  </datafield>
  <datafield tag="100" ind1=" " ind2=" ">
    <subfield code="a">20061204d1903    |||y0rusy50      ca</subfield>
  </datafield>
  <datafield tag="101" ind1="0" ind2=" ">
    <subfield code="a">rus</subfield>
  </datafield>
  <datafield tag="102" ind1=" " ind2=" ">
    <subfield code="a">RU</subfield>
  </datafield>
  <datafield tag="105" ind1=" " ind2=" ">
    <subfield code="a">a   z   |||||</subfield>
  </datafield>
  <datafield tag="200" ind1="1" ind2=" ">
    <subfield code="a">&#x416;&#x438;&#x437;&#x43D;&#x44C; &#x438; &#x43F;&#x43E;&#x434;&#x432;&#x438;&#x433;&#x438; &#x441;&#x432;&#x44F;&#x442;&#x438;&#x442;&#x435;&#x43B;&#x435;&#x439; &#x43C;&#x43E;&#x441;&#x43A;&#x43E;&#x432;&#x441;&#x43A;&#x438;&#x445;: &#x41F;&#x435;&#x442;&#x440;&#x430;, &#x410;&#x43B;&#x435;&#x43A;&#x441;&#x438;&#x44F;, &#x418;&#x43E;&#x43D;&#x44B;, &#x424;&#x438;&#x43B;&#x438;&#x43F;&#x43F;&#x430; &#x438; &#x413;&#x435;&#x440;&#x43C;&#x43E;&#x433;&#x435;&#x43D;&#x430;</subfield>
  </datafield>
  <datafield tag="210" ind1=" " ind2=" ">
    <subfield code="a">&#x41C;&#x43E;&#x441;&#x43A;&#x432;&#x430;</subfield>
    <subfield code="c">&#x442;&#x438;&#x43F;. &#x442;-&#x432;&#x430; &#x418;.&#x414;. &#x421;&#x44B;&#x442;&#x438;&#x43D;&#x430;</subfield>
    <subfield code="d">1903</subfield>
  </datafield>
  <datafield tag="215" ind1=" " ind2=" ">
    <subfield code="a">127 &#x441;.</subfield>
    <subfield code="c">&#x438;&#x43B;.</subfield>
    <subfield code="d">25</subfield>
  </datafield>
  <datafield tag="702" ind1=" " ind2="0">
    <subfield code="4">570</subfield>
    <subfield code="8">rus</subfield>
    <subfield code="7">ca</subfield>
    <subfield code="a">&#x410;&#x43B;&#x435;&#x43A;&#x441;&#x438;&#x439;</subfield>
    <subfield code="c">&#x411;&#x44F;&#x43A;&#x43E;&#x43D;&#x442;, &#x415;&#x43B;&#x435;&#x432;&#x444;&#x435;&#x440;&#x438;&#x439; &#x424;&#x435;&#x434;&#x43E;&#x440;&#x43E;&#x432;&#x438;&#x447;</subfield>
    <subfield code="c">&#x43C;&#x438;&#x442;&#x440;&#x43E;&#x43F;&#x43E;&#x43B;&#x438;&#x442; &#x412;&#x441;&#x435;&#x44F; &#x420;&#x443;&#x441;&#x438;</subfield>
    <subfield code="f">&#x43E;&#x43A;.1292-1378</subfield>
    <subfield code="3">RU\NLR\AUTH\7734152</subfield>
    <subfield code="9">17158</subfield>
  </datafield>
  <datafield tag="702" ind1=" " ind2="0">
    <subfield code="8">rus</subfield>
    <subfield code="7">ca</subfield>
    <subfield code="a">&#x413;&#x435;&#x440;&#x43C;&#x43E;&#x433;&#x435;&#x43D;</subfield>
    <subfield code="c">&#x415;&#x440;&#x43C;&#x43E;&#x43B;&#x430;&#x439;</subfield>
    <subfield code="c">&#x43F;&#x430;&#x442;&#x440;&#x438;&#x430;&#x440;&#x445; &#x41C;&#x43E;&#x441;&#x43A;&#x43E;&#x432;&#x441;&#x43A;&#x438;&#x439; &#x438; &#x432;&#x441;&#x435;&#x44F; &#x420;&#x443;&#x441;&#x438;</subfield>
    <subfield code="f">&#x43E;&#x43A;.1530-1612</subfield>
    <subfield code="3">RU\NLR\AUTH\771908</subfield>
    <subfield code="9">111925</subfield>
  </datafield>
  <datafield tag="702" ind1=" " ind2="0">
    <subfield code="4">570</subfield>
    <subfield code="8">rus</subfield>
    <subfield code="7">ca</subfield>
    <subfield code="a">&#x418;&#x43E;&#x43D;&#x430;</subfield>
    <subfield code="c">&#x43C;&#x438;&#x442;&#x440;&#x43E;&#x43F;&#x43E;&#x43B;&#x438;&#x442; &#x41C;&#x43E;&#x441;&#x43A;&#x43E;&#x432;&#x441;&#x43A;&#x438;&#x439; &#x438; &#x432;&#x441;&#x435;&#x44F; &#x420;&#x443;&#x441;&#x438;</subfield>
    <subfield code="f">-1461</subfield>
    <subfield code="3">RU\NLR\AUTH\7743383</subfield>
    <subfield code="9">26326</subfield>
  </datafield>
  <datafield tag="702" ind1=" " ind2="0">
    <subfield code="4">570</subfield>
    <subfield code="8">rus</subfield>
    <subfield code="7">ca</subfield>
    <subfield code="a">&#x41F;&#x435;&#x442;&#x440;</subfield>
    <subfield code="c">&#x43C;&#x438;&#x442;&#x440;&#x43E;&#x43F;&#x43E;&#x43B;&#x438;&#x442; &#x41C;&#x43E;&#x441;&#x43A;&#x43E;&#x432;&#x441;&#x43A;&#x438;&#x439; &#x438; &#x432;&#x441;&#x435;&#x44F; &#x420;&#x443;&#x441;&#x438;</subfield>
    <subfield code="f">-1326</subfield>
    <subfield code="3">RU\NLR\AUTH\7711454</subfield>
    <subfield code="9">121200</subfield>
  </datafield>
  <datafield tag="702" ind1=" " ind2="0">
    <subfield code="4">570</subfield>
    <subfield code="8">rus</subfield>
    <subfield code="7">ca</subfield>
    <subfield code="a">&#x424;&#x438;&#x43B;&#x438;&#x43F;&#x43F;</subfield>
    <subfield code="c">&#x41A;&#x43E;&#x43B;&#x44B;&#x447;&#x435;&#x432;, &#x424;&#x435;&#x434;&#x43E;&#x440; &#x421;&#x442;&#x435;&#x43F;&#x430;&#x43D;&#x43E;&#x432;&#x438;&#x447;</subfield>
    <subfield code="c">&#x43C;&#x438;&#x442;&#x440;&#x43E;&#x43F;&#x43E;&#x43B;&#x438;&#x442; &#x41C;&#x43E;&#x441;&#x43A;&#x43E;&#x432;&#x441;&#x43A;&#x438;&#x439; &#x438; &#x432;&#x441;&#x435;&#x44F; &#x420;&#x443;&#x441;&#x438;</subfield>
    <subfield code="f">1507-1569</subfield>
    <subfield code="3">RU\NLR\AUTH\7710021</subfield>
    <subfield code="9">119807</subfield>
  </datafield>
  <datafield tag="801" ind1=" " ind2="0">
    <subfield code="a">RU</subfield>
    <subfield code="b">NLR</subfield>
    <subfield code="c">20061204</subfield>
    <subfield code="g">psbo</subfield>
  </datafield>
  <datafield tag="801" ind1=" " ind2="0">
    <subfield code="a">RU</subfield>
    <subfield code="b">RuMoRGB</subfield>
    <subfield code="c">20061204</subfield>
    <subfield code="2">psbo</subfield>
  </datafield>
  <datafield tag="801" ind1=" " ind2="1">
    <subfield code="a">RU</subfield>
    <subfield code="b">ProSoft-M</subfield>
    <subfield code="c">20061204</subfield>
    <subfield code="2">rusmarc</subfield>
  </datafield>
  <datafield tag="801" ind1=" " ind2="2">
    <subfield code="a">RU</subfield>
    <subfield code="b">NLR</subfield>
    <subfield code="c">20070824</subfield>
    <subfield code="2">rusmarc</subfield>
  </datafield>
  <datafield tag="852" ind1=" " ind2=" ">
    <subfield code="a">NLR</subfield>
    <subfield code="j">38.73.6.2</subfield>
  </datafield>
  <datafield tag="942" ind1=" " ind2=" ">
    <subfield code="c">BOOK</subfield>
  </datafield>
  <datafield tag="980" ind1=" " ind2=" ">
    <subfield code="a">NB</subfield>
  </datafield>
  <datafield tag="995" ind1=" " ind2=" ">
    <subfield code="5">2013-10-26</subfield>
    <subfield code="b">NLR02</subfield>
    <subfield code="c">NLR02</subfield>
    <subfield code="e">RFS</subfield>
    <subfield code="f">1-3939975</subfield>
    <subfield code="k">38.73.6.2</subfield>
    <subfield code="o">0</subfield>
    <subfield code="r">BOOK</subfield>
    <subfield code="s">387362_</subfield>
  </datafield>
</record>
